| 000 | 00399nam a2200157Ia 4500 | ||
|---|---|---|---|
| 008 | 240729s9999 xx 000 0 und d | ||
| 022 | _a1899-4741 | ||
| 245 | 0 | _aPolish Journal of Chemical Technology | |
| 260 | _aPoland | ||
| 260 | _bSciendo | ||
| 650 | _a Chemistry | ||
| 650 | _aScience | ||
| 856 | _uhttps://doaj.org/toc/a7008a776c3e462a905243556a01b517 | ||
| 942 | _2ddc | ||
| 942 | _cDOAJEJ | ||
| 999 |
_c66655 _d66655 |
||
| 945 |
_a1 _bMadushi Gamage _c1 _dMadushi Gamage |
||